| 000 | 00656nam a2200217 a 4500 | ||
|---|---|---|---|
| 001 | 974 | ||
| 003 | CDMR | ||
| 005 | 20151026134202.0 | ||
| 008 | 130130s1987||||||||||||||||||||||||||||d | ||
| 020 | _a8471433672 | ||
| 024 |
_2DL _aM314141987 |
||
| 040 |
_aCDMR _bcat _cCDMR |
||
| 100 | 1 |
_aFernández Beaumont, José _9760 |
|
| 245 | 1 | 3 |
_aEl lenguaje del periodismo moderno _b: los libros de estilo en la prensa |
| 260 |
_aMadrid _c1987 _bSociedad General Española de Librería |
||
| 300 | _a239 p. | ||
| 650 | 0 | 4 |
_93158 _aPeriodisme i llenguatge |
| 650 | 0 | 4 |
_93086 _aPeriodisme _xManuals d'estil |
| 650 | 0 | 4 |
_93772 _aPeriodisme--Manuals d'estil |
| 942 |
_cMON _2udc |
||
| 999 |
_c974 _d974 |
||